Visual Basic Programming (Record no. 311096)

MARC details
000 -LEADER
fixed length control field 00411nam a2200157Ia 4500
008 - FIXED-LENGTH DATA ELEMENTS--GENERAL INFORMATION
fixed length control field 230718s9999 xx 000 0 und d
041 ## - LANGUAGE CODE
Language code of text/sound track or separate title eng
082 ## - DEWEY DECIMAL CLASSIFICATION NUMBER
Classification number 005.26'8
Item number SAT
100 ## - MAIN ENTRY--PERSONAL NAME
Personal name Satone N.
9 (RLIN) 166576
245 ## - TITLE STATEMENT
Title Visual Basic Programming
260 ## - PUBLICATION, DISTRIBUTION, ETC. (IMPRINT)
Date of publication, distribution, etc. 2004
Name of publisher, distributor, etc. Central Techno Publications
300 ## - PHYSICAL DESCRIPTION
Extent 275
365 ## - TRADE PRICE
Currency code Rs.
Price amount 150.00
700 ## - ADDED ENTRY--PERSONAL NAME
Personal name Satone N.
9 (RLIN) 166576
906 ## - LOCAL DATA ELEMENT F, LDF (RLIN)
d B:1339/05.09.2005
c COMP
b 30
Holdings
Withdrawn status Lost status Damaged status Not for loan Home library Current library Date acquired Vendor Budget Code Cost, normal purchase price Bill number Total Checkouts Full call number Barcode Date last seen Discount Cost, replacement price Bill Date Koha item type Original Barcode
        Cummins College of Engineering for Women Pune Cummins College of Engineering for Women Pune 26/09/2005 Mbs COMP 120.00 1339/05.09.2005   005.26'8 CCEP-BK-22303 18/07/2023 30 150.00 05/09/2005 Books 022303